Business research and report writing (Record no. 79060)
[ view plain ]
| 000 -LEADER | |
|---|---|
| fixed length control field | 00787nam a2200157 a 4500 |
| 008 - FIXED-LENGTH DATA ELEMENTS--GENERAL INFORMATION | |
| fixed length control field | 120416s1965 ||||||||||||||||| || u |
| 050 ## - LIBRARY OF CONGRESS CALL NUMBER | |
| Classification number | HF 5719 Shu |
| 100 ## - MAIN ENTRY--PERSONAL NAME | |
| Personal name | Shuter, Robert L |
| 245 10 - TITLE STATEMENT | |
| Title | Business research and report writing |
| 260 ## - PUBLICATION, DISTRIBUTION, ETC. | |
| Place of publication, distribution, etc. | New York |
| Name of publisher, distributor, etc. | McGraw-Hill |
| Date of publication, distribution, etc. | 1965 |
| 300 ## - PHYSICAL DESCRIPTION | |
| Extent | 204p. |
| 350 ## - | |
| -- | 0.00 |
| 995 ## - | |
| -- | BINDERY (DAMAGED) |
| -- | 0.00 |
| -- | 703122 |
| -- | CBU-MAIN LIBRARY (Kitwe) |
| -- | 2 |
| -- | 0.00 |
| -- | HF 5719 Shu |
| -- | 1 |
| -- | DAMAGED |
| -- | 703122 |
| -- | Main Library Open Access Collection |
| 995 ## - | |
| -- | BINDERY (DAMAGED) |
| -- | 0.00 |
| -- | 703123 |
| -- | CBU-MAIN LIBRARY (Kitwe) |
| -- | 1 |
| -- | 0.00 |
| -- | HF 5719 Shu |
| -- | DAMAGED |
| -- | Jun 3, 2009 |
| -- | 703123 |
| -- | Main Library Open Access Collection |
| 995 ## - | |
| -- | MAIN LIBRARY OPEN ACCESS |
| -- | 0.00 |
| -- | 713178 |
| -- | CBU-MAIN LIBRARY (Kitwe) |
| -- | 1 |
| -- | 0.00 |
| -- | HF 5719 Shu |
| -- | 1 |
| -- | AVAILABLE |
| -- | 007947 |
| -- | Main Library Open Access Collection |
| 999 ## - | |
| -- | 79060 |
| -- | 79060 |
No items available.